000 00443nam a2200169Ia 4500
005 20250508162624.0
008 008 250505s9999 xx 000 0 eng d
037 _aBooks to be hide in OPAC
040 _aFEDL
_beng
_cFEDL
041 _aeng
_2eng
084 _a315.4, IND/O
_qFEDL
245 0 _aIndia 1986: A reference annual
260 _c1987
300 _a772p.
942 _cHB
_h315.4, IND/O
999 _c1377684
_d1377684